| 000 | 00688pam a2200229 a 4500 | ||
|---|---|---|---|
| 001 | 3331671 | ||
| 005 | 20180208070004.0 | ||
| 008 | 850321s1985 nyua b 101 0 eng c | ||
| 010 | _a 85006376 | ||
| 020 | _a0306416050 | ||
| 040 |
_aDNLM/DLC _cDLC _dDLC |
||
| 041 | _aeng | ||
| 060 |
_aW1 WO5385 7th 1983c _aWM 100 W9238 1983c |
||
| 080 | _a616.89 pic | ||
| 082 | 0 | 0 |
_a616.89 pic _219 |
| 100 | _a48 | ||
| 101 | _apsi | ||
| 245 | 1 | 0 |
_aChild and adolescent psychiatry, mental retardation, and geriatric psychiatry / _cedited by P. Pichot ... [et al.]. |
| 504 | _aIncludes bibliographies and indexes. | ||
| 906 |
_a7 _bcbc _corignew _d1 _eocip _f19 _gy-gencatlg |
||
| 942 |
_2ddc _cBK |
||
| 999 |
_c42134 _d42134 |
||